000 00604cab a2200217 4500
001 X94998
008 090401t1998 xxu||||| |||| 00| 0 eng d
035 _a(Sirsi) u89634
041 _aeng
245 _aHorrill and others v Cooper
260 _c1998
350 _a0
490 _aEstates Gazette Case Summaries
_v[1998] EGCS 151(2)
520 _aChD 26 October 1998. Land registration - Rectification.
650 _aHORRILL AND OTHERS V COOPER
650 _aLAND REGISTRATION
650 _aRECTIFICATION
690 _aPROPERTY LAW AND PRACTICE-CASE LAW
942 _n0
948 _c12/11/1998
999 _c56739
_d56739